Vztahy ekonomického a inovačního potenciálu

Saved in:
Bibliographic Details
Main Author: Knopp, Jiří
Format: Book
Language:Czech
Published: Praha Ústředí vědeckých, technických a ekonomických informací 1985
Tags: Add Tag
No Tags, Be the first to tag this record!

MARC

LEADER 00000nam a2200000 4500
001 c107705
005 20251204124644.3
041 0 |a cze 
044 |a CZ 
245 1 0 |a Vztahy ekonomického a inovačního potenciálu  |c Jiří Knopp 
264 1 |a Praha  |b Ústředí vědeckých, technických a ekonomických informací  |c 1985 
300 |a 70 s. 
100 1 |a Knopp, Jiří